Frankenstein * R de Inglês* (Record no. 194205)

MARC details
000 -LÍDER
campo de controle de tamanho fixo 00372 a2200157 4500
001 - NÚMERO DE CONTROLE
campo de controle 194205
020 ## - ISBN - INTERNATIONAL STANDARD BOOK NUMBER
ISBN - International Standard Book Number 978-1-4050-7650-0
040 ## - FONTE DA CATALOGAÇÃO
Instituição que transcreveu o registro Magnum
100 ## - ENTRADA PRINCIPAL--NOME PESSOAL
Nome pessoal Shelley, Mary
240 10 - TÍTULO UNIFORME
Título uniforme Frankenstein * R de Inglês*
Idioma da obra por
245 10 - TÍTULO
Título Frankenstein * R de Inglês*
300 ## - DESCRIÇÃO FÍSICA
Extensão 68
362 0# - DATAS DE PUBLICAÇÃO E/OU DESIGNAÇÃO SEQUENCIAL
Datas de publicação e/ou designação sequencial 2005
697 ## - ENTRADA DE ASSUNTO LOCAL--ENTIDADE COLETIVA (RLIN)
Nome corporativo ou nome da jurisdição LÍNGUA - LINGÜÍSTICA - LITERATURA
942 ## - ELEMENTOS DE ENTRADA ADICIONADOS (KOHA)
Tipo de material Koha Livros
Holdings
Situação do descarte Situação das perdas Situação física Não pode ser emprestado Biblioteca de origem Biblioteca atual Data de aquisição Total de empréstimos Número de chamada completo Código de barras Data de último acesso Data do preço efetivo Tipo de material Koha
        Magnum Magnum 08/06/2024   890.1.398 MAG00073288 08/06/2024 08/06/2024 Livros
        Magnum Magnum 08/06/2024   890.1.398 MAG00073289 08/06/2024 08/06/2024 Livros
        Magnum Magnum 08/06/2024   890.1.398 MAG00073290 08/06/2024 08/06/2024 Livros
        Magnum Magnum 08/06/2024   890.1.398 MAG00073291 08/06/2024 08/06/2024 Livros
        Magnum Magnum 08/06/2024   890.1.398 MAG00073292 08/06/2024 08/06/2024 Livros